00619nam a22001937a 450000500170000001000150001702000270003203500140005903700090007308200130008224500790009525000060017426000350018027000820021530000220029750000520031970000240037171000300039520251205145506.0 aENG-147231 a9789385839634c1295.00 aEN-130763 bDBAD a954.121 aIndia's north east Manipur/cEdited by K. Jose SVD [and] M. Amarjeet Singh a1 aGuwahatibDVS Publishersc2022 aH.B. Road PanbazarbGuwahatie781001k2638295l0361-2511789mdvspub@gmail.com a272p. c22cm (Hb) aPerennial Themes and Contemporary Perspectives  aK. Jose SVDeEditor aM. Amarjeet SingheEditor